000 00454nam a22001697a 4500
003 NUST - PNEC
005 20170116181048.0
008 150928b xxu||||| |||| 00| 0 eng d
020 _a0824781600
040 _cLIBRARY
082 _2-
_a620.1122 SUZ
100 _911779
_aSuzuki, Ichiro
245 _aCorrosion-resistant coatings technology
_cIchiro Suzuki
260 _cc.1989
650 _97219
_aCorrosion and anti-corrosives
_xME
942 _2ddc
_cBK
999 _c68301
_d68301